000 00547nam a22001697a 4500
005 20260305120742.0
008 260305b |||||||| |||| 00| 0 eng d
020 _a9780763780401 (pbk)
040 _cPK-LaUMT
082 _a613.2
_bBLA-N
100 _aBlackman, Melinda C.
_99634
245 _aNutrition psychology :
_bimproving dietary adherence /
_cby Melinda C. Blackman and Colleen A. Kvaska
260 _aBoston :
_bJones and Bartlett Publishers,
_c2011
300 _a235 p.
650 _aNutrition-Psychological aspects
_99635
942 _cBK
999 _c140002
_d140002